000 00261nam a2200097Ia 4500
001 1160211
005 20250827011603.0
008 250824s9999 xx 000 0 und d
245 0 _aHAYAT ANCAK BEN OLDUĞUMDA GERÇEKTİR
_cGURDJİEFF
260 _bDESTEK YAYINLARI
999 _c1160211
_d1160211